Loading...

Invisible Men: Inside India's transmasculine networks/

Bibliographic Details
Main Author: Nandini, Krishnan
Language:English
Published: Haryana Penguin/Viking 2018
LEADER 00522 a2200145 4500
008 190919b xxu||||| |||| 00| 0 eng d
999 |c 189296  |d 189296 
020 |a 9780670090143 
084 |2 cc  |a Y6581.2 
100 |a Nandini, Krishnan 
245 |a Invisible Men: Inside India's transmasculine networks/ 
260 |b Penguin/Viking  |c 2018  |a Haryana 
300 |b xxiv+503p. 
942 |c GEN 
952 |0 0  |1 0  |4 0  |6 Y_6581_200000000000000_Q8  |7 0  |9 329772  |a LIB  |b LIB  |d 2019-01-16  |e 10  |g 538.23  |l 2  |o Y6581.2 Q8  |p 309919  |r 2019-11-18  |s 2019-10-26  |v 699.00  |y GEN